[Event "KNSB TCh-NED 2007-8"]
[Site "Netherlands NED"]
[Date "2007.12.15"]
[Round "5"]
[White "Werle, J."]
[Black "Li Shilong"]
[Result "1-0"]
[WhiteElo "2568"]
[BlackElo "2509"]
[PlyCount "45"]
[EventDate "2007.09.15"]
[SourceDate "1999.07.01"]

1. d4 Nf6 2. c4 g6 3. Nc3 Bg7 4. e4 O-O 5. Nf3 d6 6. Be2 e5 7. O-O Na6 8. Re1
c6 9. d5 c5 10. Bg5 Kh8 11. a3 Rg8 12. Nd2 Qf8 13. Nb5 Nd7 14. Be3 f5 15. f4
Bh6 16. Rf1 exf4 17. Bxf4 Bxf4 18. Rxf4 Ne5 19. Qf1 Qe7 20. Re1 Nc7 21. Nc3 g5
22. Rxf5 Bxf5 23. exf5 1-0

[Event "7th Amplico AIG Life Gp1"]
[Site "Warsaw POL"]
[Date "2007.12.16"]
[Round "3"]
[White "Peralta, Fe"]
[Black "Tukhaev, A."]
[Result "1-0"]
[WhiteElo "2546"]
[BlackElo "2517"]
[PlyCount "111"]
[EventDate "2007.12.16"]
[SourceDate "1999.07.01"]

1. d4 Nf6 2. c4 g6 3. Nc3 Bg7 4. e4 O-O 5. Nf3 d6 6. Be2 e5 7. Be3 Ng4 8. Bg5
f6 9. Bh4 Nc6 10. d5 Ne7 11. Nd2 Nh6 12. f3 c5 13. Rb1 Nf7 14. b4 cxb4 15. Rxb4
b6 16. O-O g5 17. Bf2 f5 18. a4 f4 19. a5 bxa5 20. Ra4 Bd7 21. Ra3 h5 22. c5
dxc5 23. Nc4 Nh6 24. Rxa5 Kh7 25. Na4 Bf6 26. Nxc5 g4 27. Ra6 Bc8 28. Ne6 Bxe6
29. Rxe6 Ng6 30. fxg4 f3 31. Bxf3 Nf4 32. Rd6 Qe7 33. gxh5 Rac8 34. Rc6 Rxc6
35. dxc6 Rc8 36. Qa4 Qc7 37. Qxa7 Qxa7 38. Bxa7 Rxc6 39. Ne3 Ra6 40. Bc5 Rc6
41. Bb4 Nd3 42. Nd5 Nxb4 43. Nxb4 Rc4 44. Nd5 Bg5 45. Rb1 Rc2 46. g3 Nf7 47. h4
Bh6 48. g4 Bd2 49. g5 Nd6 50. Rb6 Nc4 51. Rb7+ Kg8 52. Nf6+ Kf8 53. g6 Be3+ 54.
Kh1 Rc1+ 55. Kh2 Bf4+ 56. Kh3 1-0

[Event "76th ch-UKR Final"]
[Site "Kharkiv UKR"]
[Date "2007.11.18"]
[Round "2"]
[White "Zubarev, Al1"]
[Black "Tukhaev, A."]
[Result "0-1"]
[WhiteElo "2515"]
[BlackElo "2517"]
[PlyCount "88"]
[EventDate "2007.11.17"]
[SourceDate "1999.07.01"]

1. Nf3 Nf6 2. c4 g6 3. Nc3 Bg7 4. e4 d6 5. d4 O-O 6. Be2 e5 7. Be3 Ng4 8. Bg5
f6 9. Bh4 Nc6 10. d5 Ne7 11. Nd2 Nh6 12. f3 c5 13. dxc6 bxc6 14. b4 Be6 15. Nb3
d5 16. Bf2 d4 17. Na4 g5 18. Nac5 Bc8 19. O-O Ng6 20. g3 Bh3 21. Re1 Qc8 22.
Qd2 Nf7 23. Bf1 Nd6 24. Na5 Bxf1 25. Rxf1 h5 26. Qe2 f5 27. exf5 Qxf5 28. Ne4
Nxe4 29. fxe4 Qh3 30. Be1 Rxf1+ 31. Qxf1 Qg4 32. Qg2 h4 33. gxh4 Qe6 34. Bd2 g4
35. Kh1 Nxh4 36. Qe2 Nf3 37. Be1 Bh6 38. b5 Bf4 39. Nxc6 Kg7 40. Kg2 Rh8 41. h4
Nxh4+ 42. Bxh4 Rxh4 43. Rh1 Rxh1 44. Kxh1 Qh6+ 0-1

[Event "Open"]
[Site "Granada ESP"]
[Date "2007.12.07"]
[Round "5"]
[White "Iotov, V."]
[Black "Paunovic, D."]
[Result "1/2-1/2"]
[WhiteElo "2509"]
[BlackElo "2535"]
[PlyCount "43"]
[EventDate "2007.12.05"]
[SourceDate "1999.07.01"]

1. d4 d6 2. Nf3 Nf6 3. c4 g6 4. Nc3 Bg7 5. e4 O-O 6. Be2 e5 7. O-O c6 8. d5 Na6
9. Bg5 h6 10. Bh4 g5 11. Bg3 Nc5 12. Nd2 a5 13. b3 Bd7 14. a3 cxd5 15. cxd5 b5
16. b4 axb4 17. axb4 Na4 18. Nxb5 Bxb5 19. Bxb5 Nc3 20. Rxa8 Qxa8 21. Bc6 Qb8
22. Qe1 1/2-1/2

[Event "Open"]
[Site "Granada ESP"]
[Date "2007.12.08"]
[Round "6"]
[White "Suba, M."]
[Black "Matamoros Franco, C."]
[Result "1-0"]
[WhiteElo "2502"]
[BlackElo "2525"]
[PlyCount "47"]
[EventDate "2007.12.05"]
[SourceDate "1999.07.01"]

1. d4 Nf6 2. c4 g6 3. Nc3 Bg7 4. e4 d6 5. Nf3 O-O 6. Be2 e5 7. O-O Na6 8. Bg5
h6 9. Bh4 g5 10. dxe5 gxh4 11. exf6 Qxf6 12. Nd5 Qd8 13. Rb1 f5 14. Nd2 Nc5 15.
Bf3 c6 16. Ne3 f4 17. Nf5 Bxf5 18. exf5 Rxf5 19. b4 Ne6 20. Bg4 Re5 21. Nf3 Re4
22. Bf5 d5 23. cxd5 cxd5 24. Qd3 1-0

[Event "Open"]
[Site "Granada ESP"]
[Date "2007.12.09"]
[Round "9"]
[White "Damljanovic, B."]
[Black "Paunovic, D."]
[Result "1/2-1/2"]
[WhiteElo "2608"]
[BlackElo "2535"]
[PlyCount "50"]
[EventDate "2007.12.05"]
[SourceDate "1999.07.01"]

1. Nf3 Nf6 2. c4 g6 3. d4 Bg7 4. Nc3 d6 5. e4 O-O 6. Be2 e5 7. dxe5 dxe5 8.
Qxd8 Rxd8 9. Bg5 Re8 10. Nd5 Nxd5 11. cxd5 c6 12. Bc4 b5 13. Bb3 a5 14. dxc6
Nxc6 15. Bd5 Ra6 16. a3 Nd4 17. Nxd4 exd4 18. f3 Be6 19. Bxe6 Raxe6 20. O-O-O
f5 21. exf5 gxf5 22. Bd2 a4 23. Rde1 Kf7 24. Rxe6 Rxe6 25. Re1 Rc6+ 1/2-1/2

[Event "Cup Russia"]
[Site "Serpukhov RUS"]
[Date "2007.11.05"]
[Round "1.1"]
[White "Korotylev, A."]
[Black "Kokarev, Dm"]
[Result "1-0"]
[WhiteElo "2600"]
[BlackElo "2550"]
[PlyCount "111"]
[EventDate "2007.11.05"]
[SourceDate "1999.07.01"]

1. d4 Nf6 2. c4 g6 3. Nc3 Bg7 4. e4 O-O 5. Be2 d6 6. Nf3 e5 7. O-O Na6 8. Be3
Ng4 9. Bg5 Qe8 10. Re1 exd4 11. Nxd4 Qe5 12. Nf3 Qc5 13. Bh4 f5 14. exf5 Bxf5
15. h3 Ne5 16. Nd4 Rae8 17. Nb3 Qc6 18. c5 Nd3 19. Bxd3 Rxe1+ 20. Qxe1 Bxd3 21.
cxd6 Re8 22. Qd2 Bf5 23. dxc7 Nxc7 24. Rd1 Bc8 25. f3 Nb5 26. Nd5 Kh8 27. Rc1
Qd6 28. Be7 Qe6 29. Kh1 Qf7 30. Bb4 Bf5 31. Nc3 Nc7 32. Nc5 Na6 33. Nxa6 bxa6
34. Bc5 Kg8 35. Qf2 h5 36. Bxa7 Rd8 37. Bb6 Rd3 38. Qe2 Qe6 39. Ne4 Rd6 40. Bc5
Rd8 41. b4 Bh6 42. Re1 Bf4 43. Qf2 g5 44. Nxg5 Qg6 45. h4 Bxg5 46. hxg5 Qxg5
47. Be3 Qg6 48. Bf4 Re8 49. Rd1 Rf8 50. Be5 Kh7 51. Rd6 Qg5 52. Rxa6 Rf7 53.
Ra7 Bg6 54. Bb2 Qd5 55. Rxf7+ Bxf7 56. a3 1-0

[Event "Cup Russia"]
[Site "Serpukhov RUS"]
[Date "2007.11.06"]
[Round "1.5"]
[White "Korotylev, A."]
[Black "Kokarev, Dm"]
[Result "1/2-1/2"]
[WhiteElo "2600"]
[BlackElo "2550"]
[PlyCount "137"]
[EventDate "2007.11.05"]
[SourceDate "1999.07.01"]

1. d4 Nf6 2. c4 g6 3. Nc3 Bg7 4. e4 O-O 5. Be2 d6 6. Nf3 e5 7. O-O exd4 8. Nxd4
Re8 9. f3 c6 10. Kh1 Nbd7 11. Bg5 Qb6 12. Nb3 a5 13. Qd2 a4 14. Be3 Qd8 15. Nd4
Nc5 16. Rfd1 Nfd7 17. Nc2 Be5 18. Bf2 Qf6 19. Bd4 Ne6 20. Bxe5 dxe5 21. Qe3
Ndc5 22. Rd2 Qf4 23. Qxf4 Nxf4 24. Rad1 Kf8 25. Bf1 Ke7 26. Kg1 Ra6 27. Kf2 Rb6
28. Ne3 Ra6 29. Nc2 Nfe6 30. g3 h5 31. Nd5+ cxd5 32. cxd5 Rb6 33. dxe6 Bxe6 34.
Ne3 Rc8 35. a3 Nb3 36. Rd5 Nd4 37. Rd2 f6 38. f4 Rb3 39. Ra5 Rc1 40. fxe5 Nc6
41. exf6+ Kxf6 42. Nd5+ Kg7 43. Ra8 Ne5 44. Be2 Rh1 45. Kg2 Rb1 46. Nf4 Bf7 47.
Rxa4 g5 48. Nxh5+ Bxh5 49. Bxh5 R1xb2 50. Rxb2 Rxb2+ 51. Kf1 Rxh2 52. Be2 Rh1+
53. Kg2 Ra1 54. Kf2 Kf6 55. Ra8 Ke7 56. a4 Ra2 57. Rg8 Rxa4 58. Rxg5 Rxe4 59.
Rg7+ Kf6 60. Rxb7 Ra4 61. Rb6+ Kf5 62. Rb5 Ke4 63. Rb8 Kf5 64. Rf8+ Kg5 65. Re8
Kf5 66. Rf8+ Kg5 67. Rf4 Rxf4+ 68. gxf4+ Kxf4 69. Ke1 1/2-1/2

[Event "TCh-ROU Superliga"]
[Site "Predeal ROU"]
[Date "2007.10.17"]
[Round "5"]
[White "Solak, D."]
[Black "Grigore, Ge"]
[Result "1-0"]
[WhiteElo "2568"]
[BlackElo "2538"]
[PlyCount "123"]
[EventDate "2007.10.13"]
[SourceDate "1999.07.01"]

1. d4 Nf6 2. Nf3 g6 3. c4 Bg7 4. Nc3 O-O 5. e4 d6 6. Be2 e5 7. d5 a5 8. Be3 Ng4
9. Bg5 f6 10. Bd2 Nh6 11. h4 Na6 12. h5 g5 13. Qc1 Bd7 14. Nh2 c6 15. g4 Nc7
16. f3 cxd5 17. cxd5 b5 18. a4 Qb8 19. Nxb5 Nxb5 20. axb5 Bxb5 21. Bc3 Rc8 22.
Qd2 a4 23. Ra3 Bf8 24. Kf2 Be7 25. Rha1 Bd8 26. Kg2 Rc7 27. Bxb5 Qxb5 28. b3
Rca7 29. Qd1 Qc5 30. bxa4 Bb6 31. Qe1 Qc4 32. a5 Bd4 33. Rc1 Bxc3 34. Rcxc3 Qb5
35. Rcb3 Qc5 36. Rc3 Qb5 37. Qf1 Qb2+ 38. Qf2 Qxf2+ 39. Kxf2 Rxa5 40. Rxa5 Rxa5
41. Nf1 Ra2+ 42. Kg3 Ra7 43. Ne3 Kg7 44. Rc6 Rd7 45. Rc8 Kf7 46. Rh8 Kg7 47.
Re8 Kf7 48. Re6 Kg7 49. Kf2 Rd8 50. Ke2 Rd7 51. Kd3 Rd8 52. Re7+ Kg8 53. Ra7
Rb8 54. Rd7 Rb3+ 55. Ke2 Rb2+ 56. Kf1 Rb1+ 57. Kf2 Rb2+ 58. Kg3 Rb3 59. Nc4 f5
60. exf5 Rd3 61. Nxd6 e4 62. Nxe4 1-0

[Event "TCh-ROU Superliga"]
[Site "Predeal ROU"]
[Date "2007.10.21"]
[Round "9"]
[White "Erdos, V."]
[Black "Parligras, M."]
[Result "1/2-1/2"]
[WhiteElo "2551"]
[BlackElo "2553"]
[PlyCount "25"]
[EventDate "2007.10.13"]
[SourceDate "1999.07.01"]

1. Nf3 Nf6 2. c4 g6 3. Nc3 Bg7 4. e4 d6 5. d4 O-O 6. Be2 e5 7. O-O Nc6 8. d5
Ne7 9. Bg5 h6 10. Bxf6 Bxf6 11. b4 Bg7 12. c5 f5 13. Nd2 1/2-1/2

[Event "TCh-ROU Superliga"]
[Site "Predeal ROU"]
[Date "2007.10.21"]
[Round "9"]
[White "Gleizerov, E."]
[Black "Timoshenko, G."]
[Result "1/2-1/2"]
[WhiteElo "2552"]
[BlackElo "2544"]
[PlyCount "32"]
[EventDate "2007.10.13"]
[SourceDate "1999.07.01"]

1. d4 Nf6 2. c4 g6 3. Nc3 Bg7 4. e4 d6 5. Nf3 O-O 6. Be2 e5 7. O-O Nc6 8. d5
Ne7 9. Nd2 a5 10. b3 Nd7 11. Ba3 f5 12. b4 axb4 13. Bxb4 b6 14. a4 Nc5 15. a5
Bh6 16. Bxc5 bxc5 1/2-1/2

[Event "Casino"]
[Site "Barcelona ESP"]
[Date "2007.10.19"]
[Round "2"]
[White "Beliavsky, A."]
[Black "Illescas Cordoba, M."]
[Result "1-0"]
[WhiteElo "2646"]
[BlackElo "2598"]
[PlyCount "97"]
[EventDate "2007.10.18"]
[SourceDate "1999.07.01"]

1. d4 Nf6 2. c4 g6 3. Nc3 Bg7 4. e4 d6 5. Nf3 O-O 6. Be2 e5 7. O-O Nc6 8. d5
Ne7 9. Nd2 a5 10. a3 Nd7 11. Rb1 f5 12. b4 Kh8 13. Qc2 Ng8 14. exf5 gxf5 15. f4
Ne7 16. Nf3 e4 17. Ng5 Nf6 18. Be3 h6 19. Ne6 Bxe6 20. dxe6 axb4 21. axb4 Re8
22. g4 Ra3 23. g5 Ng4 24. Bd2 Nc6 25. Bxg4 Nd4 26. Qc1 Qa8 27. Bh5 Rxe6 28. Ra1
Rxa1 29. Qxa1 Qxa1 30. Rxa1 hxg5 31. fxg5 e3 32. Ra8+ Kh7 33. Bxe3 Rxe3 34. Nd5
Rb3 35. Re8 Rb1+ 36. Kg2 Rb2+ 37. Kh3 Nc6 38. Nf6+ Bxf6 39. gxf6 Ne5 40. b5
Rb3+ 41. Kh4 Rb2 42. f7 Nxf7 43. Bxf7 c6 44. Re7 cxb5 45. Kg5 Rg2+ 46. Kf6 Kh6
47. cxb5 b6 48. Re8 Kh7 49. h4 1-0

[Event "Casino"]
[Site "Barcelona ESP"]
[Date "2007.10.20"]
[Round "3"]
[White "Oms Pallise, J."]
[Black "Fluvia, J."]
[Result "1/2-1/2"]
[WhiteElo "2506"]
[BlackElo "2508"]
[PlyCount "87"]
[EventDate "2007.10.18"]
[SourceDate "1999.07.01"]

1. d4 Nf6 2. c4 g6 3. Nc3 Bg7 4. e4 d6 5. Be2 O-O 6. Nf3 e5 7. O-O Nc6 8. d5
Ne7 9. Nd2 Nd7 10. b4 c5 11. a3 f5 12. Nb3 b6 13. Nb5 Nf6 14. bxc5 bxc5 15.
exf5 Nxf5 16. Bd2 a6 17. Nc3 Nd4 18. Na4 Bd7 19. Nxd4 cxd4 20. c5 Bxa4 21. Qxa4
dxc5 22. Ba5 Qd6 23. Qc6 Qxc6 24. dxc6 Rfc8 25. c7 Ne8 26. Bc4+ Kh8 27. Bd5 Ra7
28. Be6 Rcxc7 29. Bxc7 Nxc7 30. Bc4 Nb5 31. Rfb1 h5 32. a4 Nd6 33. Bd5 c4 34.
Rb6 Rd7 35. Rxa6 c3 36. a5 d3 37. Rc6 c2 38. Bb3 e4 39. Rf1 Nf5 40. Bxc2 dxc2
41. Rxc2 Ra7 42. Ra2 Kg8 43. a6 Kf7 44. Rb1 1/2-1/2

[Event "IV Open"]
[Site "Calvia ESP"]
[Date "2007.10.18"]
[Round "4"]
[White "Mikhalevski, V."]
[Black "Movsziszian, K."]
[Result "1-0"]
[WhiteElo "2584"]
[BlackElo "2531"]
[PlyCount "83"]
[EventDate "2007.10.15"]
[SourceDate "1999.07.01"]

1. d4 d6 2. Nf3 Nf6 3. c4 g6 4. Nc3 Bg7 5. e4 O-O 6. Be2 e5 7. O-O Nh5 8. g3
Bh3 9. Re1 exd4 10. Nxd4 Nf6 11. Bg5 h6 12. Be3 Re8 13. f3 c6 14. Qd2 Kh7 15.
Rad1 Nbd7 16. Nb3 Bf8 17. Bf1 Bxf1 18. Rxf1 Qc7 19. Bd4 b6 20. Rc1 Bg7 21. Kg2
Rad8 22. Rfe1 Qb7 23. Qf2 Ne5 24. Qf1 Qa6 25. Nd2 Qb7 26. b3 Ned7 27. Ndb1 Nc5
28. Rcd1 Ne6 29. Bg1 h5 30. f4 Nc5 31. Qf3 Qa6 32. e5 dxe5 33. Rxd8 Rxd8 34.
Bxc5 bxc5 35. fxe5 Ng4 36. Qxf7 Qc8 37. Ne4 Rf8 38. Qxa7 Nxe5 39. Ng5+ Kg8 40.
Rxe5 Qg4 41. Qe7 Qd1 42. Re1 1-0

[Event "Bundesliga 2007-8"]
[Site "Hamburg GER"]
[Date "2007.10.21"]
[Round "2"]
[White "Khenkin, I."]
[Black "Areshchenko, A."]
[Result "1/2-1/2"]
[WhiteElo "2600"]
[BlackElo "2638"]
[PlyCount "52"]
[EventDate "2007.10.19"]
[SourceDate "1999.07.01"]

1. Nf3 Nf6 2. c4 g6 3. Nc3 Bg7 4. e4 d6 5. d4 O-O 6. Be2 e5 7. dxe5 dxe5 8.
Qxd8 Rxd8 9. Bg5 Re8 10. Nd5 Nxd5 11. cxd5 c6 12. Bc4 a5 13. a3 Nd7 14. dxc6
bxc6 15. Be3 h6 16. O-O-O Nf6 17. Nd2 Ng4 18. Bb6 a4 19. f3 Nf6 20. Nb1 Nd7 21.
Be3 Bf8 22. Rd2 Nc5 23. Rc2 Nb7 24. Rd1 h5 25. Ba2 Na5 26. Nd2 Rb8 1/2-1/2

[Event "Open"]
[Site "Winterthur SUI"]
[Date "2007.10.12"]
[Round "8"]
[White "Buhmann, R."]
[Black "Jenni, F."]
[Result "1/2-1/2"]
[WhiteElo "2567"]
[BlackElo "2511"]
[PlyCount "85"]
[EventDate "2007.10.05"]
[SourceDate "1999.07.01"]

1. Nf3 Nf6 2. c4 g6 3. Nc3 Bg7 4. e4 d6 5. d4 O-O 6. Be2 e5 7. O-O Nc6 8. d5
Ne7 9. b4 Nh5 10. Re1 f5 11. Ng5 Nf6 12. Bf3 c6 13. Be3 h6 14. Ne6 Bxe6 15.
dxe6 fxe4 16. Nxe4 Nxe4 17. Bxe4 d5 18. cxd5 cxd5 19. Bc5 dxe4 20. Qxd8 Rfxd8
21. Bxe7 Re8 22. Bc5 b6 23. Be3 Rxe6 24. Rec1 Bf8 25. b5 a6 26. bxa6 Rxa6 27.
a4 Kf7 28. Kf1 g5 29. g4 Re8 30. Rc6 Re6 31. Rcc1 Re8 32. Rab1 Rxa4 33. Rxb6
Re7 34. Rcc6 Bg7 35. Kg2 Rd7 36. Kg3 Ra1 37. Kg2 Ra4 38. Rb1 Kg8 39. h4 gxh4
40. Kh3 Rf7 41. Kxh4 Kh7 42. Kh5 Ra2 43. g5 1/2-1/2

[Event "16th Monarch Assurance"]
[Site "Port Erin IOM"]
[Date "2007.09.28"]
[Round "7"]
[White "Golod, V."]
[Black "Kotronias, V."]
[Result "1/2-1/2"]
[WhiteElo "2589"]
[BlackElo "2612"]
[PlyCount "155"]
[EventDate "2007.09.22"]
[SourceDate "1999.07.01"]

1. d4 Nf6 2. c4 g6 3. Nc3 Bg7 4. e4 d6 5. Be2 O-O 6. Nf3 e5 7. Be3 c6 8. O-O
Na6 9. Re1 exd4 10. Nxd4 Re8 11. f3 Nc7 12. Qd2 d5 13. cxd5 cxd5 14. Ndb5 Be6
15. e5 Nxb5 16. exf6 Nxc3 17. fxg7 Nxe2+ 18. Rxe2 Qd6 19. Bd4 Bd7 20. Rae1 f6
21. Rxe8+ Rxe8 22. Rxe8+ Bxe8 23. Bxa7 Kxg7 24. Bd4 h5 25. h4 Bd7 26. b3 b5 27.
Qe3 Bc6 28. Kf2 Bd7 29. Bc3 Kf7 30. Qa7 d4 31. Bxd4 g5 32. hxg5 fxg5 33. Be3 g4
34. Bf4 Qd5 35. fxg4 hxg4 36. Kg3 Qd3+ 37. Be3 Qd6+ 38. Bf4 Qd3+ 39. Be3 Qd6+
40. Kf2 Qd5 41. Qc7 Kg6 42. Qg3 Qf5+ 43. Kg1 Qe6 44. Qf4 Bc6 45. Qh6+ Kf7 46.
Qh7+ Ke8 47. Bf4 Qe1+ 48. Kh2 Qe6 49. Qh8+ Kd7 50. Qg7+ Ke8 51. Be5 Qf5 52. Kg3
Qe4 53. Kh4 Bd5 54. g3 Bf7 55. Qf6 Qg6 56. Qh8+ Bg8 57. Bc3 Qh7+ 58. Kxg4 Qxh8
59. Bxh8 Bh7 60. Kh5 Bb1 61. a4 bxa4 62. b4 Kd7 63. Bb2 Bd3 64. g4 Be2 65. Kg5
Ke6 66. Kf4 Kf7 67. Kf5 Bd3+ 68. Kg5 Be2 69. Bc1 Ke6 70. Ba3 Kf7 71. Kf5 Bd3+
72. Kg5 Be2 73. Bb2 Ke6 74. Kf4 Kf7 75. Bc1 Kg6 76. g5 Bf1 77. Ke3 a3 78. Bxa3
1/2-1/2

[Event "Open"]
[Site "Miami USA"]
[Date "2007.09.29"]
[Round "7"]
[White "Mikhalevski, V."]
[Black "Zapata, Alo"]
[Result "1-0"]
[WhiteElo "2598"]
[BlackElo "2504"]
[PlyCount "107"]
[EventDate "2007.09.26"]
[SourceDate "1999.07.01"]

1. d4 Nf6 2. c4 g6 3. Nc3 Bg7 4. e4 d6 5. Nf3 O-O 6. Be2 e5 7. O-O Nc6 8. d5
Ne7 9. b4 Nh5 10. Re1 f5 11. Ng5 Nf6 12. Bf3 fxe4 13. Ngxe4 Nf5 14. Nxf6+ Bxf6
15. Bg4 Bg5 16. Ne4 Bxc1 17. Rxc1 Nd4 18. Bxc8 Rxc8 19. Qg4 c6 20. dxc6 Rxc6
21. c5 dxc5 22. Rxc5 Rf4 23. Qd1 Rxc5 24. bxc5 Qd5 25. Qb1 b6 26. f3 b5 27. Qb2
Kg7 28. Rc1 Rf7 29. Kh1 Rc7 30. Qd2 Rc6 31. a3 h6 32. h3 g5 33. Qe1 Ra6 34. Rc3
Ra4 35. h4 g4 36. fxg4 Ne6 37. Re3 Nf4 38. Kg1 Rd4 39. Kh2 Rd1 40. Qc3 Rd4 41.
Qc2 Rc4 42. Qb1 Rd4 43. Qe1 Rd1 44. Qa5 Qd7 45. Qa6 Qe7 46. g5 hxg5 47. hxg5
Ne6 48. Qxb5 Qf7 49. Rf3 Nf4 50. c6 Qh5+ 51. Kg3 Qe8 52. Qb7+ Kg6 53. c7 Rg1
54. Qa6+ 1-0

[Event "16th Monarch Assurance"]
[Site "Port Erin IOM"]
[Date "2007.09.23"]
[Round "2"]
[White "Golod, V."]
[Black "Areshchenko, A."]
[Result "1-0"]
[WhiteElo "2589"]
[BlackElo "2645"]
[PlyCount "49"]
[EventDate "2007.09.22"]
[SourceDate "1999.07.01"]

1. Nf3 Nf6 2. c4 g6 3. Nc3 Bg7 4. e4 d6 5. d4 O-O 6. Be2 e5 7. O-O Na6 8. Be3
h6 9. Ne1 Ng4 10. Bxg4 Bxg4 11. f3 Bd7 12. Qd2 Kh7 13. Rd1 f5 14. dxe5 Bxe5 15.
c5 Bxc3 16. Qxc3 fxe4 17. cxd6 cxd6 18. Qd2 g5 19. h4 Bb5 20. Rf2 g4 21. fxe4
Bc6 22. Rxf8 Qxf8 23. Qxd6 Bxe4 24. Qe6 Bc6 25. Rd6 1-0

[Event "60th ch-RUS Higher League"]
[Site "Krasnoyarsk RUS"]
[Date "2007.09.14"]
[Round "11"]
[White "Korotylev, A."]
[Black "Kokarev, Dm"]
[Result "1/2-1/2"]
[WhiteElo "2616"]
[BlackElo "2551"]
[PlyCount "30"]
[EventDate "2007.09.03"]
[SourceDate "1999.07.01"]

1. d4 Nf6 2. c4 g6 3. Nc3 Bg7 4. e4 O-O 5. Be2 d6 6. Nf3 e5 7. O-O Na6 8. Be3
Ng4 9. Bg5 Qe8 10. Re1 exd4 11. Nxd4 Qe5 12. Nf3 Qc5 13. Bh4 Be6 14. Nd2 Bxc3
15. bxc3 Ne5 1/2-1/2

[Event "60th ch-RUS Higher League"]
[Site "Krasnoyarsk RUS"]
[Date "2007.09.14"]
[Round "11"]
[White "Volkov, Sergey1"]
[Black "Shomoev, A."]
[Result "1/2-1/2"]
[WhiteElo "2659"]
[BlackElo "2561"]
[PlyCount "105"]
[EventDate "2007.09.03"]
[SourceDate "1999.07.01"]

1. d4 Nf6 2. c4 g6 3. Nc3 Bg7 4. e4 d6 5. Be2 O-O 6. Nf3 e5 7. Be3 Ng4 8. Bg5
f6 9. Bh4 g5 10. Bg3 Nh6 11. dxe5 dxe5 12. Qd5+ Kh8 13. Qxd8 Rxd8 14. Nd5 Na6
15. O-O-O Be6 16. a3 c6 17. Nc3 Nc5 18. b4 Nb3+ 19. Kc2 Nd4+ 20. Nxd4 exd4 21.
Na4 f5 22. Nc5 Bc8 23. Bc7 Re8 24. e5 Ng4 25. Bxg4 fxg4 26. Rxd4 Bf5+ 27. Kb3
b6 28. Nd3 Rac8 29. Bd6 h5 30. Re1 Re6 31. c5 b5 32. a4 a6 33. axb5 axb5 34.
Ra1 Kh7 35. Ra7 Kg6 36. f3 gxf3 37. gxf3 h4 38. Kc3 Ree8 39. Be7 Bxd3 40. Kxd3
Bxe5 41. Rg4 Bf4 42. Kd4 h3 43. Rd7 Rxe7 44. Rxe7 Bxh2 45. Ke3 Bf4+ 46. Rxf4
gxf4+ 47. Kxf4 h2 48. Re1 Rh8 49. Rh1 Rh4+ 50. Ke5 Rh6 51. Kf4 Rh4+ 52. Ke5 Rh6
53. Ke4 1/2-1/2

[Event "60th ch-RUS Higher League"]
[Site "Krasnoyarsk RUS"]
[Date "2007.09.03"]
[Round "1"]
[White "Volkov, Sergey1"]
[Black "Novikov, St"]
[Result "0-1"]
[WhiteElo "2659"]
[BlackElo "2562"]
[PlyCount "124"]
[EventDate "2007.09.03"]
[SourceDate "1999.07.01"]

1. d4 d6 2. Nf3 g6 3. c4 Bg7 4. Nc3 Nf6 5. e4 O-O 6. Be2 e5 7. Be3 Na6 8. O-O
Ng4 9. Bg5 Qe8 10. c5 h6 11. Bh4 exd4 12. Nd5 g5 13. Bxa6 gxh4 14. Be2 Qd8 15.
Nxd4 dxc5 16. Nb5 c6 17. Bxg4 cxb5 18. Bxc8 Rxc8 19. Qb3 b4 20. a3 Re8 21. axb4
Rxe4 22. Rfd1 Rd4 23. Rxd4 cxd4 24. Re1 Qd7 25. Qf3 Re8 26. Rd1 Qd6 27. g3 Rd8
28. Ne3 hxg3 29. hxg3 Qxb4 30. Nf5 Qb6 31. Ne7+ Kf8 32. Nf5 Qf6 33. Qa3+ Kg8
34. Nxg7 Kxg7 35. Qxa7 b6 36. Qa3 d3 37. Rxd3 Rxd3 38. Qxd3 Qxb2 39. Qe4 Qc1+
40. Kg2 Qc5 41. Qg4+ Kf8 42. Qf3 b5 43. Qf6 h5 44. f4 b4 45. f5 Qd5+ 46. Kh2 b3
47. Qh6+ Ke8 48. Qe3+ Kd7 49. Qb6 Qd2+ 50. Kh3 b2 51. Qb7+ Kd6 52. Qb8+ Kc5 53.
Qa7+ Kc4 54. Qa6+ Kd4 55. Qd6+ Ke3 56. Qf4+ Kd3 57. Qd6+ Ke2 58. Qe5+ Kf1 59.
Qe4 Kg1 60. Qb1+ Qc1 61. Qa2 Qf1+ 62. Kh4 b1=Q 0-1

[Event "60th ch-RUS Higher League"]
[Site "Krasnoyarsk RUS"]
[Date "2007.09.10"]
[Round "7"]
[White "Popov, Val"]
[Black "Kokarev, Dm"]
[Result "1/2-1/2"]
[WhiteElo "2577"]
[BlackElo "2551"]
[PlyCount "117"]
[EventDate "2007.09.03"]
[SourceDate "1999.07.01"]

1. d4 Nf6 2. Nf3 g6 3. c4 Bg7 4. Nc3 O-O 5. e4 d6 6. Be2 e5 7. Be3 Na6 8. d5
Ng4 9. Bg5 f6 10. Bh4 Nh6 11. Nd2 g5 12. Bg3 f5 13. exf5 Nxf5 14. Nde4 Nd4 15.
O-O Bf5 16. Bg4 Bg6 17. h3 b6 18. Qd2 h6 19. Rae1 Nc5 20. Bd1 Nxe4 21. Nxe4 Kh8
22. Bc2 a6 23. Bd3 b5 24. b3 bxc4 25. bxc4 Rb8 26. Rb1 Qd7 27. Nc5 Qf7 28. Bxg6
Qxg6 29. Rxb8 Rxb8 30. Nxa6 Rb1 31. Rd1 Qe4 32. Kh2 Rb7 33. f3 Nxf3+ 34. gxf3
Qxc4 35. Qd3 Qxa2+ 36. Rd2 Qa1 37. Kg2 Rb1 38. Bf2 Rh1 39. Qb5 e4 40. Qe8+ Kh7
41. Qxe4+ Kh8 42. Qe8+ Kh7 43. Qe4+ Kh8 44. Qe8+ Kh7 45. Qb5 Be5 46. f4 gxf4
47. Nxc7 f3+ 48. Kxf3 Rxh3+ 49. Ke2 Bg7 50. Rd3 Rh1 51. Kf3 Rh3+ 52. Ke2 Rh1
53. Kf3 Qf1 54. Re3 Rh3+ 55. Ke4 Qg2+ 56. Kd3 Qxf2 57. Rxh3 Qf5+ 58. Kd2 Qxh3
59. Qd3+ 1/2-1/2

[Event "60th ch-RUS Higher League"]
[Site "Krasnoyarsk RUS"]
[Date "2007.09.10"]
[Round "7"]
[White "Gavrilov, Al1"]
[Black "Shomoev, A."]
[Result "0-1"]
[WhiteElo "2512"]
[BlackElo "2561"]
[PlyCount "148"]
[EventDate "2007.09.03"]
[SourceDate "1999.07.01"]

1. d4 Nf6 2. Nf3 g6 3. c4 Bg7 4. Nc3 O-O 5. e4 d6 6. Be2 e5 7. O-O Nc6 8. d5
Ne7 9. Ne1 Nd7 10. Nd3 f5 11. Bd2 Nf6 12. f3 f4 13. c5 g5 14. cxd6 cxd6 15. Nf2
Ng6 16. Qc2 Rf7 17. Rfc1 Ne8 18. a4 h5 19. h3 Bf8 20. Nb5 Bd7 21. Qd1 Rg7 22.
Kf1 Nh4 23. Be1 Be7 24. Rc3 Qb8 25. a5 Bd8 26. Rb3 a6 27. Nc3 Nc7 28. Rb4 Kh8
29. Ra3 Qc8 30. Rc4 Qb8 31. Rb4 Qc8 32. Rab3 Nb5 33. Nxb5 axb5 34. Bxb5 Bxa5
35. Bxd7 Rxd7 36. Ra4 Rc7 37. Nd3 Bxe1 38. Rxa8 Qxa8 39. Nxe1 Qc8 40. Qe2 Rc1
41. Rb4 Qc7 42. b3 Nxg2 43. Kxg2 Qc3 44. Rc4 Rxe1 45. Qa2 Ra1 46. Qc2 Qxc2+ 47.
Rxc2 Rb1 48. Rc8+ Kg7 49. Rc7+ Kg6 50. Rxb7 Rb2+ 51. Kg1 g4 52. h4 Rb1+ 53. Kg2
Re1 54. Rd7 gxf3+ 55. Kxf3 Re3+ 56. Kf2 Rxe4 57. Rxd6+ Kf5 58. Rd8 Rd4 59. d6
Ke6 60. Rh8 Rxd6 61. Rxh5 Rd2+ 62. Kf1 Rb2 63. Rh8 Kf5 64. h5 Ke4 65. h6 Kf3
66. Kg1 Rg2+ 67. Kf1 e4 68. h7 Rh2 69. Kg1 Rh6 70. b4 e3 71. b5 e2 72. Re8 Rxh7
73. b6 Rg7+ 74. Kh2 Kf2 0-1

[Event "Aeroflot Open"]
[Site "Moscow RUS"]
[Date "2007.02.20"]
[Round "7"]
[White "Halkias, S."]
[Black "Kotronias, V."]
[Result "1/2-1/2"]
[WhiteElo "2583"]
[BlackElo "2572"]
[PlyCount "115"]
[EventDate "2007.02.14"]
[SourceDate "1999.07.01"]

1. d4 Nf6 2. c4 g6 3. Nc3 Bg7 4. e4 d6 5. Nf3 O-O 6. Be2 e5 7. Be3 c6 8. dxe5
dxe5 9. Qxd8 Rxd8 10. O-O Na6 11. Rfd1 Re8 12. h3 Bf8 13. Nd2 Bb4 14. Rac1 Nc5
15. f3 Ne6 16. Nb3 Nd7 17. Rd2 b6 18. Rcd1 Ndc5 19. Nxc5 Bxc5 20. Bxc5 Nxc5 21.
Rd6 Bb7 22. b4 Ne6 23. Kf2 Kf8 24. Bf1 c5 25. a3 Rec8 26. Nd5 Rd8 27. Rxd8+
Rxd8 28. h4 Nd4 29. bxc5 bxc5 30. Rb1 Bc6 31. Bd3 Ke8 32. Ke3 Kd7 33. g4 h6 34.
f4 exf4+ 35. Kxf4 Ke6 36. Rb2 f6 37. Ke3 Ke5 38. Ne7 g5 39. hxg5 hxg5 40. Rf2
Bd7 41. Ng6+ Ke6 42. e5 fxe5 43. Bf5+ Kf6 44. Be4+ Kg7 45. Nxe5 Be6 46. Bd5
Bxd5 47. cxd5 Rxd5 48. Ke4 Rd8 49. Rf7+ Kg8 50. Rb7 Rf8 51. Kd5 Nf3 52. Nd7 Rf7
53. Rb8+ Kg7 54. Nxc5 Nh2 55. Rb4 Rf3 56. Ra4 a5 57. Nd7 Rf4 58. Rxf4 1/2-1/2